Be real (Record no. 6582)

MARC details
000 -LEADER
fixed length control field 00589nam a2200229 4500
001 - CONTROL NUMBER
control field 532373
003 - CONTROL NUMBER IDENTIFIER
control field OSt
005 - DATE AND TIME OF LATEST TRANSACTION
control field 20190117161915.0
008 - FIXED-LENGTH DATA ELEMENTS--GENERAL INFORMATION
fixed length control field 721207s1972 ilu |001 0 eng
010 ## - LIBRARY OF CONGRESS CONTROL NUMBER
LC control number 72077014
020 ## - INTERNATIONAL STANDARD BOOK NUMBER
International Standard Book Number 0882070460
040 ## - CATALOGING SOURCE
Original cataloging agency DLC
Transcribing agency DLC
Modifying agency CDC
082 ## - DEWEY DECIMAL CLASSIFICATION NUMBER
Classification number 248.4
Item number W648B
092 ## - LOCALLY ASSIGNED DEWEY CALL NUMBER (OCLC)
Classification number 227.94
Item number W648B
100 1# - MAIN ENTRY--PERSONAL NAME
Personal name Wiersbe, Warren W
245 10 - TITLE STATEMENT
Title Be real
Statement of responsibility, etc. [by] Warren W. Wiersbe
260 ## - PUBLICATION, DISTRIBUTION, ETC.
Place of publication, distribution, etc. Wheaton, Ill.,
Name of publisher, distributor, etc. Victor Books
Date of publication, distribution, etc. [1972]
300 ## - PHYSICAL DESCRIPTION
Extent 190 p., 18 cm
490 0# - SERIES STATEMENT
Series statement An Input book
630 00 - SUBJECT ADDED ENTRY--UNIFORM TITLE
Uniform title Bible.
Name of part/section of a work Epistle of John, 1st
General subdivision Commentaries
942 ## - ADDED ENTRY ELEMENTS (KOHA)
Source of classification or shelving scheme Dewey Decimal Classification
Koha item type Books

No items available.


OPAC Designed and Maintained by HMC Library Team.
Copyright © HMC Library,Greater Noida, UP.
For any Suggestions/Query Contact library via Email:libhmc@gmail.com